[Event "Michigan Action"]
[Site "Detroit, MI"]
[Date "1997.12.14"]
[Round "1"]
[White "Mahaffy, Mike"]
[Black "Boyle, John"]
[Result "0-1"]
[WhiteElo "1605"]
[BlackElo "1605"]
[PlyCount "74"]
[EventDate "1997.12.14"]

1. d4 d5 2. c4 e6 3. cxd5 exd5 4. Nc3 Bg4 5. a3 Nf6 6. h3 Bh5 7. g4 Bg6 8. e3
c6 9. Bd3 Bd6 10. Qe2 Nbd7 11. e4 dxe4 12. Nxe4 O-O 13. Nxd6 Qa5+ 14. Bd2 Qd5
15. Bxg6 hxg6 16. Nxb7 Qxh1 17. O-O-O Qd5 18. Qf3 Qxd4 19. Qxc6 Rfc8 20. Bc3
Qxd1+ 21. Kxd1 Rxc6 22. Nf3 Ne4 23. Bd4 Ndc5 24. Nxc5 Nxc5 25. Ne5 Rd6 26. Nf3
Nb3 27. Ke1 Nxd4 28. Nxd4 Rxd4 29. Kf1 Rd2 30. b4 Re8 31. Kg2 Ree2 32. Kg3 g5
33. h4 f6 34. hxg5 fxg5 35. b5 Rxf2 36. b6 axb6 37. Kh3 Rf3# 0-1

[Event "Michigan Action"]
[Site "Detroit, MI"]
[Date "1997.12.14"]
[Round "1"]
[White "Mahabir, Jagdesh"]
[Black "Spencer, Tyrone"]
[Result "1-0"]
[WhiteElo "1605"]
[BlackElo "1605"]
[PlyCount "83"]
[EventDate "1997.12.14"]

1. d4 d5 2. e3 e6 3. Bd3 c6 4. Nd2 Nf6 5. Ngf3 Bb4 6. c3 Be7 7. O-O O-O 8. Re1
c5 9. e4 dxe4 10. Nxe4 cxd4 11. Nxd4 Nxe4 12. Bxe4 Bc5 13. Qh5 g6 14. Qxc5 Na6
15. Qg5 f6 16. Qg3 f5 17. Bc2 Qd5 18. Bh6 Rf7 19. Bb3 Qd8 20. Nxe6 Bxe6 21.
Bxe6 Nc5 22. Bxf7+ Kxf7 23. Rad1 Qf6 24. Bg5 Ne4 25. Rd7+ Kg8 26. Bxf6 Nxg3 27.
fxg3 Rf8 28. Ree7 Rxf6 29. Re8+ Rf8 30. Rxf8+ Kxf8 31. Rxh7 Ke8 32. Rxb7 Kd8
33. Rxa7 Ke8 34. Rb7 Kd8 35. a4 Kc8 36. Rg7 Kb8 37. b4 Kc8 38. a5 Kb8 39. a6
Ka8 40. b5 Kb8 41. b6 Ka8 42. Rg8# 1-0

[Event "Michigan Action"]
[Site "Detroit, MI"]
[Date "1997.12.14"]
[Round "3"]
[White "Mahabir, Jagdesh"]
[Black "Chrzan, Bryan"]
[Result "1-0"]
[WhiteElo "1605"]
[BlackElo "1605"]
[PlyCount "66"]
[EventDate "1997.12.14"]

1. d4 d5 2. e3 Nc6 3. Bd3 Nf6 4. Nd2 e5 5. dxe5 Nxe5 6. Ngf3 Bg4 7. Be2 Bxf3 8.
Nxf3 Nxf3+ 9. Bxf3 c6 10. b3 Bb4+ 11. Bd2 Bxd2+ 12. Qxd2 O-O 13. Rd1 Re8 14.
Qb4 Qc7 15. Qd4 Qe5 16. O-O Qxd4 17. Rxd4 Rad8 18. Rfd1 Rd7 19. c4 c5 20. R4d3
d4 21. Kf1 Red8 22. exd4 b6 23. d5 g6 24. Re3 h5 25. Rde1 Kf8 26. h3 Re8 27.
Rxe8+ Nxe8 28. g4 h4 29. Re4 g5 30. Re3 f6 31. Be4 Re7 32. Bf5 Rxe3 33. fxe3
Nd6 1-0

[Event "Michigan Action"]
[Site "Detroit, MI"]
[Date "1997.12.14"]
[Round "5"]
[White "Mahabir, Jagdesh"]
[Black "Boyle, John"]
[Result "1-0"]
[WhiteElo "1605"]
[BlackElo "1605"]
[PlyCount "59"]
[EventDate "1997.12.14"]

1. d4 d5 2. Bf4 Bg4 3. Nd2 e6 4. Ngf3 c5 5. c3 Nc6 6. e3 cxd4 7. exd4 Be7 8.
Be2 Nf6 9. Ne5 Bxe2 10. Qxe2 O-O 11. Ndf3 Nd7 12. Nxc6 bxc6 13. Ne5 Nxe5 14.
Bxe5 c5 15. Qd3 f6 16. Bg3 cxd4 17. Qxd4 e5 18. Qd2 Qa5 19. f4 d4 20. fxe5 dxc3
21. bxc3 fxe5 22. Bf2 Rac8 23. Rc1 Ba3 24. Rc2 Qb5 25. Qe2 Qb1+ 26. Qd1 Qb5 27.
Qe2 Qb1+ 28. Qd1 Qxd1+ 29. Kxd1 Rb8 30. Ke2 {[Remainder unavailable]} 1-0

[Event "Michigan Action"]
[Site "Detroit, MI"]
[Date "1997.12.14"]
[Round "1"]
[White "Jointer, William"]
[Black "Spindleman, Brian"]
[Result "1-0"]
[WhiteElo "1605"]
[BlackElo "1605"]
[PlyCount "58"]
[EventDate "1997.12.14"]

1. d4 f5 2. f3 Nf6 3. Nc3 e6 4. e4 d5 5. Bg5 Be7 6. exf5 exf5 7. Qe2 O-O 8.
O-O-O h6 9. Bxf6 Bxf6 10. Nh3 Nc6 11. Qf2 a6 12. Nf4 Bg5 13. g3 Bxf4+ 14. gxf4
Qd6 15. Qg3 Rf6 16. Rg1 Rf7 17. Be2 b5 18. h4 Bb7 19. Qg6 Qxg6 20. Rxg6 Rd8 21.
Bf1 Ne7 22. Re6 Bc8 23. Re3 Ng6 24. Rde1 Nxf4 25. Re8+ Rxe8 26. Rxe8+ Rf8 27.
Rxf8+ Kxf8 28. Kd2 Ng6 29. Ke3 c6 {[At this point White played the illegal 30.
Kf4.]} 1-0

[Event "Michigan Action"]
[Site "Detroit, MI"]
[Date "1997.12.14"]
[Round "3"]
[White "Jointer, William"]
[Black "Menczer, David"]
[Result "1-0"]
[WhiteElo "1605"]
[BlackElo "1605"]
[PlyCount "83"]
[EventDate "1997.12.14"]

1. d4 d5 2. e4 dxe4 3. f3 exf3 4. Nxf3 Nf6 5. Nc3 Bf5 6. Be3 e6 7. Qd2 Nbd7 8.
h3 Bd6 9. O-O-O Qe7 10. g4 Be4 11. Nxe4 Nxe4 12. Qd3 Nef6 13. g5 Nd5 14. Bf2
Bf4+ 15. Kb1 Bxg5 16. Bg2 Nf4 17. Qf1 Bf6 18. Rg1 Nxg2 19. Rxg2 O-O-O 20. Qb5
Nb6 21. Bg1 Rd5 22. Qb3 Rhd8 23. Rgd2 Qd6 24. c4 Nxc4 25. Qxc4 b5 26. Qc2 Qb6
27. Bh2 R8d7 28. Rd3 g6 29. Rc3 c5 30. b3 c4 31. bxc4 bxc4+ 32. Rb3 Qxb3+ 33.
axb3 Rb7 34. Qxc4+ Kd8 35. Rc1 Ke8 36. Qc8+ Rd8 37. Qxb7 h6 38. Rc8 g5 39.
Rxd8+ Bxd8 40. Ne5 Be7 41. Qc8+ Bd8 42. Qd7+ 1-0

[Event "Michigan Action"]
[Site "Detroit, MI"]
[Date "1997.12.14"]
[Round "6"]
[White "Jointer, William"]
[Black "Grant, Marco"]
[Result "0-1"]
[WhiteElo "1605"]
[BlackElo "1605"]
[PlyCount "95"]
[EventDate "1997.12.14"]

1. d4 d5 2. e4 dxe4 3. Nc3 Bf5 4. f3 exf3 5. Nxf3 Bg4 6. Be3 Bxf3 7. Qxf3 c6 8.
O-O-O e6 9. Bd3 Nf6 10. Rhf1 Be7 11. Ne4 O-O 12. Qh3 g6 13. Bg5 Nxe4 14. Bxe7
Qxe7 15. Bxe4 Nd7 16. Rf3 Qg5+ 17. Kb1 Nf6 18. Bd3 Nd5 19. Rg3 Qf6 20. Qh6 Qxd4
21. Rh3 Qg7 22. Qh4 Rad8 23. Kc1 h5 24. g4 Nf4 25. Rg3 Nxd3+ 26. Rdxd3 Rxd3 27.
Rxd3 hxg4 28. Qxg4 Qh6+ 29. Rd2 Rd8 30. Qg2 Qxd2+ 31. Qxd2 Rxd2 32. Kxd2 f5 33.
Ke3 Kf7 34. Kf4 Kf6 35. h4 e5+ 36. Kf3 Kg7 37. c4 Kh6 38. Kg3 Kh5 39. b4 e4 40.
a4 e3 41. Kf3 f4 42. c5 Kxh4 43. b5 g5 44. Ke2 g4 45. Kf1 f3 46. bxc6 bxc6 47.
a5 Kg3 48. a6 0-1

[Event "Michigan Action"]
[Site "Detroit, MI"]
[Date "1997.12.14"]
[Round "1"]
[White "Hooker, Larry"]
[Black "Mailing, Ian"]
[Result "0-1"]
[WhiteElo "1605"]
[BlackElo "2135"]
[PlyCount "70"]
[EventDate "1997.12.14"]

1. e4 d6 2. d4 g6 3. Nf3 Bg7 4. c3 c6 5. Be2 Qc7 6. Ng5 Nf6 7. Nd2 e5 8. Qb3 h6
9. Ngf3 O-O 10. Qc2 Nh5 11. Nc4 b5 12. Ncd2 Nf4 13. Bf1 f5 14. g3 Nh5 15. Nh4
exd4 16. cxd4 Qf7 17. f3 fxe4 18. Nxe4 d5 19. Nd6 Qe6+ 20. Be2 Qxd6 21. Nxg6
Bf5 22. Bd3 Qxg6 23. Bxf5 Rxf5 24. g4 Qe6+ 25. Kd1 Rxf3 26. gxh5 Qg4 27. Qe2
Nd7 28. Bxh6 Bxh6 29. Kc2 Rc3+ 30. Kd1 Qxd4+ 31. Ke1 Re3 32. Rg1+ Kh7 33. a3
Rxe2+ 34. Kxe2 Qe4+ 35. Kf1 Rf8# 0-1

[Event "Michigan Action"]
[Site "Detroit, MI"]
[Date "1997.12.14"]
[Round "4"]
[White "Hooker, Larry"]
[Black "Jointer, William"]
[Result "0-1"]
[WhiteElo "1605"]
[BlackElo "1605"]
[PlyCount "56"]
[EventDate "1997.12.14"]

1. e4 g6 2. Nf3 Bg7 3. d4 d6 4. Nc3 Nf6 5. Bc4 O-O 6. O-O Nxe4 7. Nxe4 d5 8.
Bxd5 Qxd5 9. Nc3 Qh5 10. h3 Nc6 11. Ne2 b6 12. Ng3 Qb5 13. c3 Ba6 14. Qc2 Qd5
15. Re1 Rfe8 16. Bf4 Rac8 17. Qd2 Bb7 18. Bh6 Bh8 19. b3 b5 20. Rac1 Rcd8 21.
Qg5 e5 22. Nh5 Re6 23. c4 bxc4 24. bxc4 Qa5 25. d5 f6 26. Qg3 Red6 27. dxc6
Bxc6 28. h4 Kf7 {[Remainder unavailable]} 0-1

[Event "Michigan Action"]
[Site "Detroit, MI"]
[Date "1997.12.14"]
[Round "3"]
[White "Hooker, Larry"]
[Black "Brown, Stephen"]
[Result "1-0"]
[WhiteElo "1605"]
[BlackElo "1605"]
[PlyCount "47"]
[EventDate "1997.12.14"]

1. e4 c5 2. Nf3 Nc6 3. Nc3 g6 4. d4 cxd4 5. Nxd4 Bg7 6. Nxc6 bxc6 7. Be2 a5 8.
O-O Ba6 9. Bxa6 Rxa6 10. Qd3 Qa8 11. Rd1 d6 12. Bf4 c5 13. e5 Qc6 14. exd6 Nf6
15. dxe7 Ra8 16. Re1 c4 17. Qd6 Qxd6 18. Bxd6 Kd7 19. Rad1 Kc6 20. Be5 Rhe8 21.
Bxf6 Bxf6 22. Rd2 Rab8 23. Red1 Bg7 24. Re2 {[Remainder illegible]} 1-0

[Event "Michigan Action"]
[Site "Detroit, MI"]
[Date "1997.12.14"]
[Round "1"]
[White "Grant, Marco"]
[Black "Smith, Tyrnn"]
[Result "1-0"]
[WhiteElo "1605"]
[BlackElo "1605"]
[PlyCount "33"]
[EventDate "1997.12.14"]

1. e4 e5 2. Nf3 Nc6 3. Bc4 Nf6 4. Ng5 Rg8 5. Bxf7+ Ke7 6. Bxg8 b6 7. Bxh7 Nxh7
8. Nxh7 Ba6 9. d3 g6 10. Bg5+ Kf7 11. Bxd8 Rxd8 12. c3 Bh6 13. Qf3+ Kg8 14. h4
Kxh7 15. h5 Rf8 16. hxg6+ Kxg6 17. Qh5+ 1-0

[Event "Michigan Action"]
[Site "Detroit, MI"]
[Date "1997.12.14"]
[Round "5"]
[White "Grant, Marco"]
[Black "Mahaffy, Mike"]
[Result "1-0"]
[WhiteElo "1605"]
[BlackElo "1605"]
[PlyCount "60"]
[EventDate "1997.12.14"]

1. e4 c5 2. Nf3 b6 3. d4 cxd4 4. Nxd4 Bb7 5. Nc3 g6 6. Bf4 Bg7 7. f3 e5 8. Ndb5
exf4 9. Nd6+ Kf8 10. Nxb7 Bxc3+ 11. bxc3 Qc7 12. Qd6+ Qxd6 13. Nxd6 Nc6 14. Bc4
Ne5 15. Bd5 Rd8 16. a4 Nf6 17. c4 Nxd5 18. cxd5 Ke7 19. Nb5 a6 20. Nd4 Rc8 21.
Ke2 Rc4 22. Rhd1 Kf8 23. Nb3 Rxc2+ 24. Rd2 Rxd2+ 25. Kxd2 f5 26. a5 bxa5 27.
Nxa5 fxe4 28. fxe4 f3 29. g3 f2 30. Ke2 {[Remainder illegible]} Ng4 1-0

[Event "Michigan Action"]
[Site "Detroit, MI"]
[Date "1997.12.14"]
[Round "5"]
[White "Grams, Paul"]
[Black "Menczer, David"]
[Result "1/2-1/2"]
[WhiteElo "1730"]
[BlackElo "1605"]
[PlyCount "81"]
[EventDate "1997.12.14"]

1. d4 d5 2. c4 Nf6 3. Nc3 Bf5 4. Qb3 dxc4 5. Qxb7 Nbd7 6. Nb5 Rc8 7. Bf4 Be4 8.
Nxc7+ Rxc7 9. Qxc7 Qxc7 10. Bxc7 Nd5 11. Ba5 e6 12. f3 Bg6 13. e4 Bb4+ 14. Bxb4
Nxb4 15. Kd2 Nb6 16. Ne2 Ke7 17. Nc3 Rd8 18. Ne2 Nc6 19. Ke3 Nb4 20. Rc1 Nd3
21. Rc2 f5 22. Nc1 f4+ 23. Ke2 Rxd4 24. Nxd3 cxd3+ 25. Kd2 dxc2+ 26. Kxc2 Be8
27. Ba6 Nc4 28. Kc3 Rd2 29. Bxc4 Rxg2 30. h4 Bh5 31. Rf1 Rg3 32. Kd4 Bxf3 33.
Ke5 Rh3 34. Kxf4 Bh5 35. Ke5 Rxh4 36. Bxe6 Bg6 37. Bf5 Bxf5 38. exf5 Rh5 39.
Rc1 Kd7 40. Rg1 g6 41. Kf6 1/2-1/2

[Event "Michigan Action"]
[Site "Detroit, MI"]
[Date "1997.12.14"]
[Round "2"]
[White "Grams, Paul"]
[Black "Finegold, Ben"]
[Result "0-1"]
[WhiteElo "1730"]
[BlackElo "2600"]
[PlyCount "68"]
[EventDate "1997.12.14"]

1. d4 d5 2. c4 Nc6 3. Nf3 Bg4 4. Bf4 Bxf3 5. gxf3 e5 6. dxe5 d4 7. a3 Nge7 8.
Bg2 Ng6 9. Qd2 Ncxe5 10. O-O Nxc4 11. Qc1 Nxf4 12. Qxf4 Bd6 13. Qe4+ Qe7 14.
Qxb7 O-O 15. b3 Qh4 16. h3 Qf4 17. Rd1 Ne3 18. fxe3 Qxe3+ 19. Kh1 Rae8 20. Qb5
Qf4 21. Kg1 Re5 22. Qxe5 Qxe5 23. Nd2 Qxe2 24. Nc4 Bg3 25. Rd2 Qe7 26. a4 h5
27. Rad1 c5 28. Nb2 Qe3+ 29. Kh1 Qxb3 30. Nd3 Rc8 31. f4 Qxa4 32. Nxc5 Rxc5 33.
Rxd4 Qc2 34. R4d2 Qxd2 0-1

[Event "Michigan Action"]
[Site "Detroit, MI"]
[Date "1997.12.14"]
[Round "6"]
[White "Grams, Paul"]
[Black "Chrzan, Anthony"]
[Result "1-0"]
[WhiteElo "1730"]
[BlackElo "1605"]
[PlyCount "55"]
[EventDate "1997.12.14"]

1. e4 e5 2. Nf3 d6 3. d4 Be7 4. dxe5 dxe5 5. Qxd8+ Bxd8 6. Nxe5 Nd7 7. Nc4 b6
8. Nc3 Bb7 9. Bf4 Bf6 10. e5 Be7 11. O-O-O Bb4 12. Nb5 O-O-O 13. Nxa7+ Kb8 14.
Nb5 c6 15. e6+ Ka8 16. Nc7+ Ka7 17. Rxd7 Rxd7 18. exd7 Be7 19. Nd6 Nh6 20. Nce8
Bd8 21. Bxh6 gxh6 22. Nxf7 Rg8 23. Nxd8 c5 24. Nxb7 Kxb7 25. d8=Q Ka7 26. Qc7+
Ka8 27. Ba6 Rxe8 28. Qb7# 1-0

[Event "Michigan Action"]
[Site "Detroit, MI"]
[Date "1997.12.14"]
[Round "3"]
[White "Grams, Paul"]
[Black "Boyle, John"]
[Result "0-1"]
[WhiteElo "1730"]
[BlackElo "1605"]
[PlyCount "54"]
[EventDate "1997.12.14"]

1. d4 d5 2. Nf3 Bg4 3. c4 Bxf3 4. gxf3 e6 5. e4 Nf6 6. e5 Nfd7 7. cxd5 exd5 8.
Nc3 c6 9. f4 Bb4 10. Qb3 Bxc3+ 11. Qxc3 Nb6 12. b3 N8d7 13. Ba3 Qh4 14. f5 Qe4+
15. Qe3 Qxh1 16. Qg5 Qe4+ 17. Be2 f6 18. Qxg7 O-O-O 19. e6 Rdg8 20. exd7+ Nxd7
21. Qe7 Rg1+ 22. Kd2 Qxd4+ 23. Kc2 Rxa1 24. Bb2 Rxa2 25. Qa3 Qxb2+ 26. Qxb2
Rxb2+ 27. Kxb2 Ne5 0-1

[Event "Michigan Action"]
[Site "Detroit, MI"]
[Date "1997.12.14"]
[Round "1"]
[White "Goerke, Jesse"]
[Black "Norwood, Wayne"]
[Result "1-0"]
[WhiteElo "1605"]
[BlackElo "1605"]
[PlyCount "74"]
[EventDate "1997.12.14"]

1. e4 c5 2. f4 Nc6 3. Nf3 d6 4. Bc4 Nf6 5. Nc3 Bg4 6. h3 Bh5 7. g4 Nxg4 8. hxg4
Bxg4 9. d3 Nd4 10. Bb5+ Nxb5 11. Nxb5 g6 12. Be3 Bg7 13. Qe2 Bxb2 14. Rb1 Bg7
15. d4 a6 16. Rg1 Bxf3 17. Qxf3 axb5 18. dxc5 dxc5 19. Rxb5 Rxa2 20. Rxb7 Rxc2
21. f5 Qa5+ 22. Kd1 Qa4 23. Ke1 Qa1+ 24. Qd1 Bc3+ 25. Bd2 Bxd2+ 26. Ke2 Qa6+
27. Kf2 Qxb7 28. Qxc2 Bb4 29. Qb2 Be1+ 30. Rxe1 Qxb2+ 31. Re2 Qd4+ 32. Kf1 gxf5
33. exf5 Qf4+ 34. Ke1 Qxf5 35. Rb2 Qe5+ 36. Re2 Qa1+ 37. Kf2 h5 1-0

[Event "Michigan Action"]
[Site "Detroit, MI"]
[Date "1997.12.14"]
[Round "3"]
[White "Goerke, Daniel"]
[Black "Mailing, Don"]
[Result "0-1"]
[WhiteElo "1605"]
[BlackElo "1605"]
[PlyCount "68"]
[EventDate "1997.12.14"]

1. e4 e6 2. Nf3 d5 3. Nc3 c5 4. Bb5+ Nc6 5. Bxc6+ bxc6 6. d4 Ba6 7. exd5 cxd5
8. Be3 Qc7 9. b3 Nf6 10. Na4 Ne4 11. Nd2 Nxd2 12. Qxd2 Be7 13. dxc5 O-O 14. c3
Bb5 15. Qd4 Bf6 16. Qg4 Bxa4 17. Rc1 Bd7 18. Bh6 Qe5+ 19. Kf1 Rac8 20. Re1 Qxc3
21. h4 Bb5+ 22. Kg1 Qxe1+ 23. Kh2 Qe5+ 24. g3 Be2 25. Qh3 gxh6 26. f4 Qf5 27.
Qxf5 exf5 28. Re1 Bg4 29. Re5 Bxe5 30. fxe5 Rxc5 31. b4 Rc2+ 32. Kg1 Rxa2 33.
b5 Rc8 34. Kf1 Rc1# 0-1

[Event "Michigan Action"]
[Site "Detroit, MI"]
[Date "1997.12.14"]
[Round "1"]
[White "Goerke, Daniel"]
[Black "Gentry, Bronson"]
[Result "1-0"]
[WhiteElo "1765"]
[BlackElo "1605"]
[PlyCount "66"]
[EventDate "1997.12.14"]

1. e4 c5 2. Nf3 Nc6 3. Nc3 Nf6 4. Bb5 a6 5. Bxc6 bxc6 6. d3 d5 7. e5 Nd7 8. Be3
d4 9. Nxd4 cxd4 10. Bxd4 c5 11. Be3 e6 12. d4 cxd4 13. Bxd4 Be7 14. Qf3 Rb8 15.
Ne4 Bb7 16. Qg4 Bxe4 17. Qxe4 O-O 18. O-O Bc5 19. Bxc5 Nxc5 20. Qc6 Qe7 21. b3
Rbc8 22. Qd6 Qxd6 23. exd6 Rfd8 24. Rad1 Ne4 25. d7 Rxc2 26. f3 Nf6 27. Rd6
Rxd7 28. Rxd7 Nxd7 29. Rd1 Rc7 30. Rd6 g6 31. Rxa6 Rc2 32. a4 Rb2 33. Ra7 Nc5
1-0

[Event "Michigan Action"]
[Site "Detroit, MI"]
[Date "1997.12.14"]
[Round "5"]
[White "Goerke, Daniel"]
[Black "Bainbridge, Chris"]
[Result "1-0"]
[WhiteElo "1605"]
[BlackElo "1605"]
[PlyCount "70"]
[EventDate "1997.12.14"]

1. e4 e6 2. Nf3 d5 3. exd5 exd5 4. Nc3 Nf6 5. d4 Nc6 6. Bg5 Bf5 7. Nh4 Nb4 8.
Nxf5 Qd7 9. Bb5 c6 10. Be2 Qxf5 11. Bxf6 Nxc2+ 12. Kf1 Ne3+ 13. Ke1 Nxd1 14.
Bxd1 Qxf6 15. Bf3 Qxd4 16. Rd1 Qe5+ 17. Kf1 Bc5 18. g3 O-O 19. Kg2 d4 20. Na4
Bd6 21. Rhe1 Qb5 22. Rxd4 Rad8 23. Ree4 c5 24. Rd5 g6 25. b3 Qc6 26. Rg4 f5 27.
Rg5 Be7 28. Rxd8 Bxd8 29. Bxc6 Bxg5 30. Bxb7 Rd8 31. Nxc5 a5 32. Ne6 Rd7 33.
Bc6 Rd2 34. Nxg5 Rxa2 35. b4 axb4 1-0

[Event "Michigan Action"]
[Site "Detroit, MI"]
[Date "1997.12.14"]
[Round "3"]
[White "Gillom, Donte"]
[Black "Spencer, Tyrone"]
[Result "1-0"]
[WhiteElo "1605"]
[BlackElo "1605"]
[PlyCount "50"]
[EventDate "1997.12.14"]

1. e4 e5 2. Nf3 Nc6 3. d3 Nf6 4. Nc3 d6 5. Be2 Be7 6. O-O O-O 7. a3 h6 8. Bd2
Bg4 9. h3 Bxf3 10. Bxf3 Nd4 11. Be3 Nxf3+ 12. Qxf3 c6 13. Qg3 Nh5 14. Qf3 Nf4
15. Bxf4 exf4 16. Qxf4 Bg5 17. Qf3 Bf6 18. Qe3 Bxc3 19. bxc3 Re8 20. Rab1 Re7
21. f4 d5 22. e5 b6 23. Rf3 c5 24. d4 cxd4 25. cxd4 Rc7 {[Remainder illegible]}
1-0

[Event "Michigan Action"]
[Site "Detroit, MI"]
[Date "1997.12.14"]
[Round "5"]
[White "Gillom, Donte"]
[Black "Councell, Keith"]
[Result "1-0"]
[WhiteElo "1605"]
[BlackElo "1605"]
[PlyCount "71"]
[EventDate "1997.12.14"]

1. e4 c6 2. d3 d5 3. Nc3 e6 4. Nf3 Bb4 5. Bd2 Qb6 6. Be2 Bxc3 7. Bxc3 d4 8.
Bxd4 Qd8 9. Bxg7 f6 10. Bxh8 Nh6 11. Qd2 Nf7 12. Bxf6 Qxf6 13. c3 Nd7 14. O-O
Nde5 15. Nxe5 Nxe5 16. Bh5+ Ke7 17. c4 Bd7 18. f4 Nf7 19. Bxf7 Qxf7 20. Qb4+ c5
21. Qxc5+ Kd8 22. Qg5+ Ke8 23. f5 h6 24. Qxh6 b5 25. Qh8+ Qf8 26. Qxf8+ Kxf8
27. fxe6+ Ke7 28. exd7 bxc4 29. dxc4 a5 30. Rad1 a4 31. d8=Q+ Rxd8 32. Rxd8 a3
33. Rff8 axb2 34. Rb8 Kd6 35. a4 Kc5 36. a5 1-0

[Event "Michigan Action"]
[Site "Detroit, MI"]
[Date "1997.12.14"]
[Round "5"]
[White "Gentry, Loyd"]
[Black "Williams, Ron"]
[Result "1-0"]
[WhiteElo "1760"]
[BlackElo "1870"]
[PlyCount "87"]
[EventDate "1997.12.14"]

1. b4 e5 2. Bb2 d6 3. e3 Nf6 4. Ne2 Bg4 5. f3 Bh5 6. g4 Bg6 7. h4 h6 8. Nbc3
Be7 9. d3 a5 10. b5 a4 11. a3 Nbd7 12. Qd2 c6 13. Rb1 Nd5 14. h5 Bh7 15. Bg2
Bh4+ 16. Kd1 Bg5 17. f4 Nxc3+ 18. Bxc3 Bf6 19. bxc6 bxc6 20. Bxc6 Rc8 21. Bxa4
Qc7 22. Rg1 O-O 23. g5 hxg5 24. fxg5 Bxg5 25. Rxg5 Nc5 26. Bb3 Kh8 27. e4 Bxe4
28. dxe4 Nxe4 29. Qe3 Nxg5 30. Qxg5 f5 31. h6 gxh6 32. Qxh6+ Qh7 33. Qxh7+ Kxh7
34. Kd2 Kg6 35. Rg1+ Kf6 36. Bb4 Rh8 37. Kc1 Rh3 38. Kb2 Ke7 39. Ng3 Rf8 40. a4
Kd7 41. a5 Kc7 42. Ne2 Rh7 43. Nc3 f4 44. Ne4 1-0

[Event "Michigan Action"]
[Site "Detroit, MI"]
[Date "1997.12.14"]
[Round "1"]
[White "Gentry, Loyd"]
[Black "Choate, Eric"]
[Result "1-0"]
[WhiteElo "1760"]
[BlackElo "1605"]
[PlyCount "23"]
[EventDate "1997.12.14"]

1. e4 e5 2. Nf3 d6 3. Bc4 Be7 4. c3 Nc6 5. Qb3 Nh6 6. d4 exd4 7. cxd4 Bg4 8.
Bxh6 gxh6 9. Bxf7+ Kd7 10. Nbd2 Rb8 11. h3 Bxf3 12. Qe6# 1-0

[Event "Michigan Action"]
[Site "Detroit, MI"]
[Date "1997.12.14"]
[Round "4"]
[White "Gentry, Loyd"]
[Black "Berry, DeMarcus"]
[Result "1-0"]
[WhiteElo "1760"]
[BlackElo "1605"]
[PlyCount "70"]
[EventDate "1997.12.14"]

1. e4 c5 2. d4 cxd4 3. c3 dxc3 4. Nxc3 Nc6 5. Nf3 e6 6. Bc4 Bb4 7. Bd2 a6 8.
O-O d6 9. Qe2 Nf6 10. Rac1 O-O 11. Bg5 Ne7 12. Rfd1 Nd7 13. a3 Bxc3 14. Rxc3
Nb6 15. Bb3 Qd7 16. Ne1 h6 17. Bf4 d5 18. e5 Ng6 19. Bc1 Na4 20. Rg3 Nc5 21.
Bc2 Qe8 22. Qh5 Kh7 23. Rh3 Rh8 24. Nf3 Kg8 25. Rg3 Ne4 26. Bxe4 dxe4 27. Nh4
Kh7 28. Re1 b5 29. Rxe4 Qc6 30. Re1 Qe8 31. Nf3 Bb7 32. Nh4 Rc8 33. f4 Rc2 34.
f5 Nxh4 35. Qxh4 exf5 1-0

[Event "Michigan Action"]
[Site "Detroit, MI"]
[Date "1997.12.14"]
[Round "3"]
[White "Gentry, Loyd"]
[Black "Baze, Lineas"]
[Result "0-1"]
[WhiteElo "1760"]
[BlackElo "2120"]
[PlyCount "47"]
[EventDate "1997.12.14"]

1. e4 c5 2. Nf3 Nc6 3. Bc4 e6 4. O-O a6 5. d4 cxd4 6. Nxd4 Qc7 7. c3 Nf6 8. Re1
Nxd4 9. Qxd4 Bc5 10. Qxf6 gxf6 11. Bb3 h5 12. Be3 Bxe3 13. Rxe3 d6 14. Nd2 Bd7
15. a4 Bc6 16. Nf3 Rg8 17. Nd4 Bd7 18. Bc2 e5 19. Nf5 Bxf5 20. exf5 Rg5 21. Bd3
Ke7 22. Be4 Rag8 23. Rc1 Qd7 24. c4 {[Remainder illegible]} 0-1

[Event "Michigan Action"]
[Site "Detroit, MI"]
[Date "1997.12.14"]
[Round "5"]
[White "Gentry, Bronson"]
[Black "Skidmore, Mike"]
[Result "0-1"]
[WhiteElo "1765"]
[BlackElo "1930"]
[PlyCount "68"]
[EventDate "1997.12.14"]

1. e4 c6 2. d4 d5 3. e5 Bf5 4. f4 e6 5. c3 Nd7 6. Bd3 Bxd3 7. Qxd3 Ne7 8. Ne2
c5 9. Ng3 cxd4 10. cxd4 g6 11. O-O Nc6 12. b3 Nxd4 13. Kh1 Nc6 14. Nc3 a6 15.
Nd1 Bg7 16. Ba3 Bf8 17. Bxf8 Nxf8 18. Ne2 Nd7 19. Qh3 Rc8 20. Ne3 Nc5 21. Ng4
Ne4 22. Ng3 Nxg3+ 23. Qxg3 Nd4 24. Nf6+ Kf8 25. Qh3 Kg7 26. Rad1 Nf5 27. Rc1 h5
28. Qd3 Qb6 29. Rxc8 Rxc8 30. g4 hxg4 31. Nxg4 Qd4 32. Qxd4 Nxd4 33. Nf6 Rc2
34. h4 Nf5 0-1

[Event "Michigan Action"]
[Site "Detroit, MI"]
[Date "1997.12.14"]
[Round "2"]
[White "Gentry, Bronson"]
[Black "Grant, Marco"]
[Result "1-0"]
[WhiteElo "1765"]
[BlackElo "1605"]
[PlyCount "87"]
[EventDate "1997.12.14"]

1. e4 c5 2. c3 d6 3. d4 cxd4 4. cxd4 Nc6 5. Nc3 Nf6 6. Nf3 Bg4 7. Be2 Qb6 8. d5
Bxf3 9. Bxf3 Ne5 10. Qa4+ Nfd7 11. Be2 g6 12. O-O Bg7 13. Rb1 O-O 14. Be3 Qd8
15. f4 Nb6 16. Qc2 Ned7 17. Kh1 Rc8 18. Qd1 f5 19. exf5 Rxf5 20. Bg4 Rf8 21.
Bd4 Rc4 22. Be6+ Kh8 23. Bxg7+ Kxg7 24. f5 Nc5 25. b3 Rh4 26. g3 Rh6 27. Qd4+
Rf6 28. b4 Nxe6 29. fxe6 Rh5 30. Rbe1 Qf8 31. a4 Rhf5 32. Rxf5 gxf5 33. a5 Nc8
34. Rf1 Kg6 35. Ne2 Qh6 36. Nf4+ Kg7 37. Qc3 Qg5 38. Qxc8 Rf8 39. Qc3+ Rf6 40.
Qe3 a6 41. Qb6 Rh6 42. Qd4+ Rf6 43. Rc1 Qg4 44. Kg2 1-0

[Event "Michigan Action"]
[Site "Detroit, MI"]
[Date "1997.12.14"]
[Round "1"]
[White "Finegold, Spencer"]
[Black "Mailing, Don"]
[Result "0-1"]
[WhiteElo "1605"]
[BlackElo "1605"]
[PlyCount "100"]
[EventDate "1997.12.14"]

1. e4 e6 2. d4 d5 3. e5 c5 4. dxc5 Bxc5 5. Nf3 Nc6 6. Bb5 Bd7 7. O-O Nge7 8.
Bxc6 Bxc6 9. Nc3 O-O 10. Nd4 Ng6 11. Nxc6 bxc6 12. Na4 Be7 13. Be3 Nxe5 14. Bd2
Nc4 15. Qe2 Bf6 16. a3 Qd6 17. Bb4 Qf4 18. Bxf8 Rxf8 19. h3 Be5 20. g3 Qf6 21.
Rab1 Nxb2 22. Nxb2 Bxb2 23. Qe3 Bd4 24. Qe1 Bb6 25. Qe2 Qg6 26. Rb4 Qxg3+ 27.
Kh1 Qxh3+ 28. Kg1 Qxa3 29. Qd2 Ba5 30. Rb3 Bxd2 31. Rxa3 a5 32. Rd1 Bb4 33. Ra4
c5 34. Rc1 d4 35. Rd1 e5 36. f3 f5 37. Kg2 Rf6 38. Rf1 Rg6+ 39. Kh1 c4 40. f4
e4 41. Rd1 d3 42. cxd3 exd3 43. Re1 Bxe1 44. Rxc4 d2 45. Rd4 h6 46. Rd8+ Kh7
47. Rd5 Ra6 48. Rxf5 d1=Q 49. Rc5 Rg6 50. Kh2 Bg3+ 0-1

[Event "Michigan Action"]
[Site "Detroit, MI"]
[Date "1997.12.14"]
[Round "6"]
[White "Finegold, Ron"]
[Black "Mahabir, Jagdesh"]
[Result "1-0"]
[WhiteElo "2140"]
[BlackElo "1605"]
[PlyCount "30"]
[EventDate "1997.12.14"]

1. e4 d6 2. d4 Nf6 3. Nc3 g6 4. f4 Bg7 5. Nf3 Bg4 6. Be3 O-O 7. h3 Bxf3 8. Qxf3
c6 9. O-O-O d5 10. e5 Nfd7 11. h4 Nb6 12. h5 Nc4 13. Bxc4 dxc4 14. hxg6 hxg6
15. d5 Qc7 {[Remainder illegible]} 1-0

[Event "Michigan Action"]
[Site "Detroit, MI"]
[Date "1997.12.14"]
[Round "3"]
[White "Finegold, Ron"]
[Black "Gentry, Bronson"]
[Result "0-1"]
[WhiteElo "2140"]
[BlackElo "1765"]
[PlyCount "86"]
[EventDate "1997.12.14"]

1. Nf3 c5 2. c4 Nc6 3. g3 g6 4. Bg2 Bg7 5. O-O Nf6 6. d4 cxd4 7. Nxd4 O-O 8.
Nc3 d6 9. Nxc6 bxc6 10. Bxc6 Rb8 11. Bg2 Bb7 12. Qa4 Bxg2 13. Kxg2 Qc7 14. Rb1
Rfc8 15. Be3 Ng4 16. Nd5 Nxe3+ 17. Nxe3 Rxb2 18. Rxb2 Bxb2 19. Rb1 Bd4 20. Nd5
Qxc4 21. Nxe7+ Kf8 22. Qd7 Re8 23. Rb7 Bf6 24. Qc6 Qxc6+ 25. Nxc6 Rxe2 26. Rxa7
Rc2 27. Ra8+ Kg7 28. Ra6 d5 29. Nb4 Rd2 30. Kf1 Bd4 31. Ke1 Rxf2 32. Nxd5 Rxh2
33. g4 Rg2 34. Nc7 Rxg4 35. Ne8+ Kh6 36. Nd6 f6 37. a4 Be5 38. Nf7+ Kh5 39. Ra8
Re4+ 40. Kf1 Kg4 41. a5 Ra4 42. a6 Ra2 43. Nd8 Kf3 {[Remainer unavailable]} 0-1